Louisiana Basketball: Top 10 All-Time Leaders - Statistics

General Stats
  • This quiz has been taken 0 times
  • The average score is 0 of 91
Answer Stats
Category # Player Amount % Correct
Assists 1 Aaron Mitchell 674
0%
Steals 4 Aaron Mitchell 167
0%
Blocks T10 Alonza Allen 85
0%
Points 1 Andrew Toney 2,526
0%
Field Goal Percent 10 Andrew Toney 52.9%
0%
Points Per Game 3 Andrew Toney 23.6
0%
Three Pointers Made 4 Blane Harmon 212
0%
Points 4 Bo Lamar 1,862
0%
Points Per Game 1 Bo Lamar 32.7
0%
Three Pointers Made 1 Brad Boyd 271
0%
Games T7 Brett Smith 122
0%
Rebounds 10 Bryan Collins 688
0%
Rebounds 2 Bryce Washington 1,102
0%
Blocks 9 Bryce Washington 88
0%
Games T1 Bryce Washington 136
0%
Points 7 Byron Starks 1,592
0%
Games 10 Byron Starks 121
0%
Field Goal Percent 9 Cedric Hill 53.1%
0%
Three Pointers Made 6 Cedric Russell 190
0%
Games 5 Cedric Russell 124
0%
Steals 2 Chris Manuel 184
0%
Assists 7 Chris Snowden 394
0%
Three Pointers Made 10 Conley Verdun 156
0%
Rebounds 4 Dion Brown 926
0%
Field Goal Percent 3 Dion Brown 56.3%
0%
Rebounds 7 Dion Rainey 749
0%
Steals T7 Dwayne Mitchell 148
0%
Points 10 Elfrid Payton 1,426
0%
Assists 2 Elfrid Payton 486
0%
Steals 1 Elfrid Payton 197
0%
Assists 3 Eric Mouton 471
0%
Points Per Game 10 Frank Bartley 16.5
0%
Points 9 George Almones 1,436
0%
Assists 6 George Almones 402
0%
Steals 10 George Almones 145
0%
Points 5 Graylin Warner 1,762
0%
Steals 6 Graylin Warner 137
0%
Blocks 5 Graylin Warner 138
0%
Field Goal Percent 8 Graylin Warner 53.6%
0%
Games T7 Graylin Warner 122
0%
Blocks 4 JaKeenan Gant 156
0%
Field Goal Percent 6 JaKeenan Gant 54.7%
0%
Points Per Game 9 JaKeenan Gant 17.0
0%
Assists 8 Jay Wright 372
0%
Games 4 Jonathan Stove 131
0%
Field Goal Percent 5 Jordan Brown 54.8%
0%
Points Per Game 7 Jordan Brown 17.5
0%
Steals T7 Kasey Shepherd 148
0%
Three Pointers Made 9 Kasey Shepherd 162
0%
Games 6 Kasey Shepherd 123
0%
Assists 5 Kenneth Lawrence 407
0%
Steals T7 Kenneth Lawrence 148
0%
Three Pointers Made 7 Kentrell Garnett 182
0%
Points 3 Kevin Brooks 2,294
0%
Rebounds 9 Kevin Brooks 719
0%
Points Per Game 5 Kevin Brooks 19.8
0%
Points 8 Kevin Figaro 1,474
0%
Field Goal Percent 4 Lonnie Thomas 56.1%
0%
Rebounds 3 Marcus Stokes 1,046
0%
Blocks T10 Marcus Stokes 85
0%
Assists 4 Marcus Stroman 427
0%
Blocks 8 Marvin Lancaster 110
0%
Points 6 Michael Allen 1,673
0%
Assists 9 Michael Allen 371
0%
Three Pointers Made 5 Michael Allen 208
0%
Points Per Game 6 Michael Allen 18.4
0%
Blocks 2 Michael Southall 258
0%
Field Goal Percent 1 Michael Southall 58.8%
0%
Three Pointers Made 8 P.J. Hardy 170
0%
Rebounds 8 Randal Smith 746
0%
Three Pointers Made 3 Randell Daigle 227
0%
Rebounds 5 Reginald Poole 842
0%
Steals 5 Reginald Poole 157
0%
Blocks 3 Reginald Poole 169
0%
Rebounds 6 Roy Ebron 768
0%
Field Goal Percent 2 Roy Ebron 57.5%
0%
Points Per Game 4 Roy Ebron 21.2
0%
Steals 3 Shawn Griggs 179
0%
Points 2 Shawn Long 2,342
0%
Rebounds 1 Shawn Long 1,447
0%
Blocks 1 Shawn Long 273
0%
Points Per Game 8 Shawn Long 17.3
0%
Games 3 Shawn Long 135
0%
Games T1 Steven Wronkoski 136
0%
Three Pointers Made 2 Sydney Grider 253
0%
Points Per Game 2 Sydney Grider 24.5
0%
Assists 10 Themus Fulks 333
0%
Blocks 7 Theo Akwuba 117
0%
Games T7 Todd Hill 122
0%
Blocks 6 Tyren Johnson 120
0%
Field Goal Percent 7 Wayne Julien 53.8%
0%
No matching quizzes found
Score Distribution
Percent of People with Each Score
Percentile by Number Answered
Your Score History
You have not taken this quiz